| 000 | 00718nam a2200169 i 4500 | ||
|---|---|---|---|
| 001 | 154593 | ||
| 003 | ES-MaACL | ||
| 005 | 20230906205805.0 | ||
| 008 | 000218s1888 mx a |||| | spa d | ||
| 040 |
_aCAM _bspa _cCAM |
||
| 100 | 1 |
_aGonzález Obregón, Luis. _958844 |
|
| 245 | 1 | 0 |
_aDon José Joaquín Fernández de Lizardi, el pensador mexicano / _capuntes biográficos y bibliográficos por Luis González Obregon. |
| 260 |
_aMéxico : _boficina tip. de la secretaría de Fomento, _c1888. |
||
| 300 |
_aXII, 91 p., [1] h. de lám. ; _c23 cm. |
||
| 600 | 1 | 4 |
_aFernández de Lizardi, José Joaquín. _949684 |
| 852 |
_aES-MaACL _j1571-F-7 _z-- Rúst. _z-- An. ms.: ded. de Pedro González-Blanco al Ateneo de Madrid |
||
| 999 |
_c154593 _d154593 |
||